01480nam a2200265Ia 4500952010900000952010900109999001700218008004100235020001500276050001900291100005500310240007600365245014300441260005300584300001800637490006400655500008400719500003300803505024900836519004401085650002801129650001201157650003801169942000701207 00104070a11b11d2007-01-08l2oBF23 J8461 2001p11 006142r2019-07-22s2019-07-22t1w2012-06-26yLB 00104070a11b11d2007-01-08l5oBF23 J8461 2001p11 006143r2024-05-20s2024-05-06t2w2012-06-26yLB c71428d71428120626s1998 mx 000 0 spa d a9681608321 aBF23bJ83 2001 aJung, C. G. d1875-1961, eautorq (Carl Gustav),  aSymbolik des geistes. studien uber psychische phanomenologielespañol aSimbología del espíritub: Estudios sobre fonomenología psíquica c / Carl Gustav Jung; traducción de Matilde Rodríguez Cabo aMéxicob: Fondo de cultura económicac, 1998 a329 páginas aBiblioteca de psicología, psiquiatría y psicoanálisis aTítulo original: Symbolik des geistes. studien uber psychische phanomenologie aIncluye: Preámbulo (pp. 9- aAcerca de la fenomenología del espíritu en el cuentp El espíritu Mercurio La figura de Satanás en el antiguo testamento Ensayo para una interpretación psicológica del dogma de la trinidad Acerca de la meditación oriental aMaterial complementario / d(11 006143) 0aESPÍRITUxFILOSOFÍA 0aDIABLO  0aTRINIDADxSIMBOLOGÍA RELIGIOSA  cLB